La programación en la práctica escolar

সংরক্ষণ করুন:
গ্রন্থ-পঞ্জীর বিবরন
প্রধান লেখক: Azcárate Ristori, Isabel de (Author)
বিন্যাস: গ্রন্থ
ভাষা:স্প্যানিশ
প্রকাশিত: Madrid Anaya 1981
মালা:Temas monográficos de educación. Anaya, 2
বিষয়গুলি:
ট্যাগগুলো: ট্যাগ যুক্ত করুন
কোনো ট্যাগ নেই, প্রথমজন হিসাবে ট্যাগ করুন!

MARC

LEADER 00000nam a2200000 a 4500
001 UCY8926
003 CL-VaPUC
008 950707e19810000SP |||||||||||||||||spa|d
082 0 4 |a 371.2  |b AZC  |2 21 
100 0 |a Azcárate Ristori, Isabel de  |e author  |9 340763 
245 1 3 |a La programación en la práctica escolar 
300 |a 159 p 
942 |c BK 
945 |d 19950707 00:00:00  |a cmena 
260 |a Madrid  |b Anaya  |c 1981 
650 0 |a Planificación de la educación   |9 307333 
650 7 |a PAPEL DE LA EDUCACION  |2 CL-VaPUC  |9 338800 
650 0 |a Política educacional  |9 308011 
650 0 |a Planificación del currículo  |9 269599 
650 0 |a Evaluación de la educación   |9 237505 
650 0 |a Metodología   |9 256610 
583 |a last modification  |c 19950707 00:00:00  |k Rodrigo Vera 
490 0 |a Temas monográficos de educación. Anaya, 2 
999 |c 236104  |d 236102 
952 |0 0  |1 0  |4 0  |6 371_200000000000000_AZC_1981  |7 0  |8 P  |9 243958  |a BIBEDU  |b BIBEDU  |c BIBEDU_PB  |d 2019-11-18  |i 152688K  |o 371.2 AZC 1981  |p 152688K  |r 2024-01-25  |w 2019-11-18  |y BK  |k EDU 
952 |0 0  |1 0  |4 0  |6 371_200000000000000_AZC_1981  |7 0  |8 P  |9 243959  |a BIBEDU  |b BIBEDU  |c BIBEDU_PB  |d 2019-11-18  |i 1526898  |o 371.2 AZC 1981  |p 1526898  |r 2024-01-25  |w 2019-11-18  |y BK  |k EDU